That's So Funny - Renee Rapp (All Lyrics) - Statistics

General Stats
  • This quiz has been taken 29 times
  • The average score is 207 of 228
Answer Stats
Lyrics % Correct
baby,
100%
baby
100%
do
100%
funny,
100%
funny
100%
I
100%
it
100%
like
100%
so
100%
that
100%
That
100%
that's
100%
That's
100%
(That's
100%
a
95%
all
95%
and
95%
And
95%
at
95%
back
95%
could
95%
don't
95%
got
95%
love,
95%
loved
95%
me
95%
the
95%
The
95%
where
95%
would
95%
Yeah,
95%
You
95%
you
95%
you?
95%
you,
95%
you"
95%
yourself
95%
attention
90%
"Be
90%
every
90%
"Fuck
90%
her"
90%
It's
90%
lovely,
90%
my
90%
paint
90%
part
90%
rather
90%
said,
90%
skip
90%
you're
90%
You're
90%
careful,
86%
course,
86%
everyone
86%
Except,
86%
for
86%
girl,
86%
girl
86%
hates
86%
him,
86%
know
86%
lawyer
86%
made,
86%
Now
86%
of
86%
over,
86%
over
86%
play
86%
really
86%
shoulder
86%
tell
86%
to
86%
with
86%
anger
81%
best
81%
'Cause
81%
chamber
81%
knew
81%
look
81%
mess
81%
only
81%
secrets
81%
show's
81%
spoiled
81%
sure)
81%
than
81%
Took
81%
twisted
81%
better
76%
closure
76%
comes
76%
comical
76%
Dressed
76%
God
76%
here
76%
If
76%
loaded
76%
looking
76%
shot
76%
spoiler
76%
suit
76%
tailored
76%
up
76%
what
76%
Alyah
71%
But
71%
Taught
71%
Mm,
62%
when
48%
out
33%
point
14%
No matching quizzes found
Score Distribution
Percent of People with Each Score
Percentile by Number Answered
Your Score History
You have not taken this quiz